[Event "Albert Boxer Classic"]
[Site "Winnipeg CAN"]
[Date "2000.09.02"]
[Round "1"]
[White "Charter, Bennet"]
[Black "Babb, Jeff"]
[Result "0-1"]
[WhiteElo "1769"]
[BlackElo "2223"]
[PlyCount "36"]
[GameId "2160767911652520"]
[EventDate "2000.09.02"]
[EventType "swiss"]
[EventRounds "5"]
[EventCountry "CAN"]
[SourceTitle "EXT 2003"]
[Source "ChessBase"]
[SourceDate "2002.11.25"]
[SourceVersion "1"]
[SourceVersionDate "2002.11.25"]
[SourceQuality "1"]

1. e4 e5 2. Nf3 Nc6 3. Bb5 a6 4. Ba4 Nf6 5. O-O Nxe4 6. Re1 Nc5 7. Bxc6 dxc6 8. Nxe5 Be7 9. Nc3 O-O 10. d3 f6 11. Nc4 Bf5 12. Be3 Qd7 13. Qd2 a5 14. Bf4 Ne6 15. Ne2 Bb4 16. Nc3 b5 17. Na3 Nxf4 18. Qxf4 Bd6 0-1

[Event "Albert Boxer Classic"]
[Site "Winnipeg CAN"]
[Date "2000.09.02"]
[Round "1"]
[White "Gushuliak, Justin"]
[Black "Moffat, Ron"]
[Result "1/2-1/2"]
[WhiteElo "2172"]
[BlackElo "1757"]
[PlyCount "37"]
[GameId "2160767911652521"]
[EventDate "2000.09.02"]
[EventType "swiss"]
[EventRounds "5"]
[EventCountry "CAN"]
[SourceTitle "EXT 2003"]
[Source "ChessBase"]
[SourceDate "2002.11.25"]
[SourceVersion "1"]
[SourceVersionDate "2002.11.25"]
[SourceQuality "1"]

1. e4 c5 2. Nf3 e6 3. c3 d5 4. e5 Nc6 5. d4 cxd4 6. cxd4 Qb6 7. a3 Nge7 8. Bd3 Bd7 9. Bc2 Rc8 10. b4 a5 11. bxa5 Nxa5 12. O-O Qc6 13. Bd2 Qxc2 14. Qxc2 Rxc2 15. Bxa5 Nc6 16. Bd2 Rc4 17. Be3 Be7 18. Rc1 Na5 19. Rc3 1/2-1/2

[Event "Albert Boxer Classic"]
[Site "Winnipeg CAN"]
[Date "2000.09.02"]
[Round "1"]
[White "Gustafson, Dale"]
[Black "Lipnowski, Irwin"]
[Result "0-1"]
[WhiteElo "1802"]
[BlackElo "2333"]
[PlyCount "64"]
[GameId "2160767911652522"]
[EventDate "2000.09.02"]
[EventType "swiss"]
[EventRounds "5"]
[EventCountry "CAN"]
[SourceTitle "EXT 2003"]
[Source "ChessBase"]
[SourceDate "2002.11.25"]
[SourceVersion "1"]
[SourceVersionDate "2002.11.25"]
[SourceQuality "1"]

1. e4 c5 2. Nf3 e6 3. Bd3 d5 4. exd5 exd5 5. O-O Nf6 6. c3 Be7 7. Bc2 Nc6 8. d3 O-O 9. h3 Re8 10. Re1 Bf5 11. Nbd2 Qd7 12. Nf1 Bd6 13. Rxe8+ Rxe8 14. Bg5 Be7 15. Qd2 h6 16. Bf4 d4 17. Re1 dxc3 18. bxc3 Rd8 19. d4 cxd4 20. Bxf5 Qxf5 21. Ng3 Qa5 22. Rxe7 Nxe7 23. Nxd4 Nc6 24. Nxc6 bxc6 25. Qc2 Nh5 26. Nxh5 Qxh5 27. f3 Qd5 28. Kh2 Qc4 29. Bg3 Rd3 30. Qb2 Rxc3 31. Qb8+ Kh7 32. Qxa7 Rc2 0-1

[Event "Albert Boxer Classic"]
[Site "Winnipeg CAN"]
[Date "2000.09.02"]
[Round "1"]
[White "Kaptsan, Aron"]
[Black "Czarny, Keith"]
[Result "1-0"]
[WhiteElo "2125"]
[BlackElo "1699"]
[PlyCount "33"]
[GameId "2160767911652523"]
[EventDate "2000.09.02"]
[EventType "swiss"]
[EventRounds "5"]
[EventCountry "CAN"]
[SourceTitle "EXT 2003"]
[Source "ChessBase"]
[SourceDate "2002.11.25"]
[SourceVersion "1"]
[SourceVersionDate "2002.11.25"]
[SourceQuality "1"]

1. d4 c6 2. c4 d5 3. e3 Nf6 4. Nf3 g6 5. Bd3 Bg7 6. Nbd2 O-O 7. Qc2 Nbd7 8. O-O Re8 9. b3 e5 10. dxe5 Nxe5 11. Nxe5 Rxe5 12. Bb2 Re8 13. Rad1 dxc4 14. Nxc4 Qe7 15. Ba3 Qe6 16. Nd6 Rd8 17. Bc4 1-0

[Event "Albert Boxer Classic"]
[Site "Winnipeg CAN"]
[Date "2000.09.02"]
[Round "1"]
[White "Kollar, Frank"]
[Black "Xia, Yanchong"]
[Result "0-1"]
[WhiteElo "2245"]
[BlackElo "1787"]
[PlyCount "118"]
[GameId "2160767911652524"]
[EventDate "2000.09.02"]
[EventType "swiss"]
[EventRounds "5"]
[EventCountry "CAN"]
[SourceTitle "EXT 2003"]
[Source "ChessBase"]
[SourceDate "2002.11.25"]
[SourceVersion "1"]
[SourceVersionDate "2002.11.25"]
[SourceQuality "1"]

1. e4 c5 2. Nf3 Nc6 3. d4 cxd4 4. Nxd4 Nf6 5. Nc3 e5 6. Ndb5 d6 7. Bg5 a6 8. Na3 b5 9. Bxf6 gxf6 10. Nd5 Bg7 11. c3 f5 12. Bd3 Be6 13. Qh5 f4 14. Nc2 O-O 15. g3 f5 16. gxf4 Bxd5 17. exd5 e4 18. Bf1 Ne7 19. Bh3 Rf6 20. Rg1 Kh8 21. Ne3 Rh6 22. Qf7 Qf8 23. Qxf8+ Rxf8 24. Rg3 Bf6 25. Ke2 Bh4 26. Rg2 Ng6 27. Nxf5 Nxf4+ 28. Kf1 Rh5 29. Nxh4 Rxh4 30. Be6 Nxg2 31. Kxg2 Rhf4 32. Rf1 Kg7 33. Kg3 Rf3+ 34. Kg2 Kf6 35. Re1 Ke5 36. Re2 R3f4 37. a3 Kf6 38. h3 Ke7 39. Bg4 Kd8 40. Rd2 Kc7 41. Kg3 Kb6 42. Bd1 Kc5 43. Bc2 h6 44. Bd1 R4f5 45. Bg4 Re5 46. Kh4 a5 47. Kg3 a4 48. Be6 Rf3+ 49. Kg4 e3 50. fxe3 Rfxe3 51. h4 Re2 52. Rxe2 Rxe2 53. Kh5 Rxb2 54. Kxh6 Rb3 55. h5 Rxc3 56. Kg5 Rxa3 57. h6 Ra2 58. Bg4 Rf2 59. Bf5 Rh2 0-1

[Event "Albert Boxer Classic"]
[Site "Winnipeg CAN"]
[Date "2000.09.02"]
[Round "1"]
[White "Lipnowski, Michael"]
[Black "Hare, Doug"]
[Result "0-1"]
[WhiteElo "1749"]
[BlackElo "2134"]
[PlyCount "82"]
[GameId "2160767911652525"]
[EventDate "2000.09.02"]
[EventType "swiss"]
[EventRounds "5"]
[EventCountry "CAN"]
[SourceTitle "EXT 2003"]
[Source "ChessBase"]
[SourceDate "2002.11.25"]
[SourceVersion "1"]
[SourceVersionDate "2002.11.25"]
[SourceQuality "1"]

1. d4 d5 2. c4 e6 3. cxd5 exd5 4. Nc3 Be7 5. Nf3 Nf6 6. Bg5 c6 7. e3 Nh5 8. Bxe7 Qxe7 9. Be2 O-O 10. Qc2 g6 11. O-O Bf5 12. Bd3 Bxd3 13. Qxd3 Nd7 14. Rab1 a5 15. Nd2 f5 16. f3 Rae8 17. e4 Nf4 18. Qc2 Qb4 19. Qa4 Ne2+ 20. Kh1 Nxc3 21. Qxb4 axb4 22. bxc3 bxc3 23. Nb3 fxe4 24. fxe4 Rxf1+ 25. Rxf1 Rxe4 26. g3 Re2 27. Rc1 Rxa2 28. Rxc3 Kf7 29. Kg1 Ke6 30. h3 Kd6 31. Kf1 b6 32. Rf3 Rb2 33. Ke1 c5 34. dxc5+ bxc5 35. Nc1 c4 36. Ne2 Ne5 37. Rf8 Kc5 38. Rh8 d4 39. Rc8+ Kd5 40. Rd8+ Ke4 41. Rxd4+ Ke3 0-1

[Event "Albert Boxer Classic"]
[Site "Winnipeg CAN"]
[Date "2000.09.02"]
[Round "1"]
[White "Lipnowski, Samuel"]
[Black "Walker, Sean"]
[Result "1-0"]
[WhiteElo "1975"]
[BlackElo "1613"]
[PlyCount "65"]
[GameId "2160767911652526"]
[EventDate "2000.09.02"]
[EventType "swiss"]
[EventRounds "5"]
[EventCountry "CAN"]
[SourceTitle "EXT 2003"]
[Source "ChessBase"]
[SourceDate "2002.11.25"]
[SourceVersion "1"]
[SourceVersionDate "2002.11.25"]
[SourceQuality "1"]

1. c4 Nf6 2. d4 c6 3. Nc3 d5 4. cxd5 cxd5 5. Nf3 Nc6 6. Bf4 Qb6 7. Qb3 Qxb3 8. axb3 Nb4 9. Rc1 Bf5 10. Nb5 Rc8 11. Rxc8+ Bxc8 12. Nc7+ Kd8 13. Ng5 Kd7 14. Nxf7 Rg8 15. e3 a6 16. Be2 Kc6 17. Na8 b6 18. O-O Na2 19. Ra1 Nb4 20. Rc1+ Kd7 21. Nxb6+ Ke8 22. Ne5 Be6 23. Rc7 Kd8 24. Rb7 g5 25. Nf7+ Ke8 26. Nxg5 Rxg5 27. Bxg5 Kf7 28. Bxf6 Kxf6 29. Nd7+ Bxd7 30. Rxd7 Ke6 31. Bg4+ Kf7 32. Rb7 Nc6 33. Rb6 1-0

[Event "Albert Boxer Classic"]
[Site "Winnipeg CAN"]
[Date "2000.09.02"]
[Round "1"]
[White "Lukic, Luka"]
[Black "Ott, Richard"]
[Result "1-0"]
[WhiteElo "1934"]
[BlackElo "1462"]
[PlyCount "45"]
[GameId "2160767911652527"]
[EventDate "2000.09.02"]
[EventType "swiss"]
[EventRounds "5"]
[EventCountry "CAN"]
[SourceTitle "EXT 2003"]
[Source "ChessBase"]
[SourceDate "2002.11.25"]
[SourceVersion "1"]
[SourceVersionDate "2002.11.25"]
[SourceQuality "1"]

1. e4 c5 2. c3 e6 3. d4 d5 4. Bd3 Nc6 5. Ne2 Nf6 6. Bg5 dxe4 7. Bxe4 Be7 8. Bxf6 Bxf6 9. Bxc6+ bxc6 10. dxc5 O-O 11. Qxd8 Rxd8 12. Nd2 Ba6 13. Ng3 Rab8 14. O-O-O g6 15. Nge4 Bg7 16. Nb3 Bh6+ 17. Kc2 Bc4 18. Rxd8+ Rxd8 19. Nd6 Bd5 20. f3 Bxb3+ 21. axb3 Bf8 22. Rd1 Kg7 23. Nf5+ 1-0

[Event "Albert Boxer Classic"]
[Site "Winnipeg CAN"]
[Date "2000.09.02"]
[Round "1"]
[White "Proulx, Roy"]
[Black "Mundwiler, Les"]
[Result "0-1"]
[WhiteElo "1663"]
[BlackElo "2026"]
[PlyCount "72"]
[GameId "2160767911652528"]
[EventDate "2000.09.02"]
[EventType "swiss"]
[EventRounds "5"]
[EventCountry "CAN"]
[SourceTitle "EXT 2003"]
[Source "ChessBase"]
[SourceDate "2002.11.25"]
[SourceVersion "1"]
[SourceVersionDate "2002.11.25"]
[SourceQuality "1"]

1. e4 c5 2. Nf3 Nc6 3. d4 cxd4 4. Nxd4 Nf6 5. Nc3 d6 6. Be2 h5 7. h4 g6 8. Be3 Bg7 9. Qd2 Ng4 10. Bxg4 Bxg4 11. f3 Bd7 12. Qf2 Qa5 13. O-O O-O 14. Rad1 Rfc8 15. Nb3 Qd8 16. Qd2 Na5 17. Qc1 Nc4 18. Bg5 Nxb2 19. Nd5 f6 20. Bh6 Nxd1 21. Bxg7 Kxg7 22. Rxd1 e5 23. f4 Bg4 24. Rf1 f5 25. fxe5 dxe5 26. g3 Rc4 27. Nd2 Rd4 28. c4 fxe4 29. Qc3 Rc8 30. Rf2 Rxd5 31. Nxe4 Rd4 32. Ng5 Qb6 33. Qe3 Re8 34. Rf7+ Kg8 35. Qf2 Rd1+ 36. Kg2 Qxf2+ 0-1

[Event "Albert Boxer Classic"]
[Site "Winnipeg CAN"]
[Date "2000.09.02"]
[Round "1"]
[White "Schulz, Waldemar"]
[Black "Gannon, Keith"]
[Result "1-0"]
[WhiteElo "2016"]
[BlackElo "1635"]
[PlyCount "75"]
[GameId "2160767911652529"]
[EventDate "2000.09.02"]
[EventType "swiss"]
[EventRounds "5"]
[EventCountry "CAN"]
[SourceTitle "EXT 2003"]
[Source "ChessBase"]
[SourceDate "2002.11.25"]
[SourceVersion "1"]
[SourceVersionDate "2002.11.25"]
[SourceQuality "1"]

1. d4 d5 2. Nf3 Nf6 3. c4 e6 4. Nc3 Be7 5. Bg5 Nbd7 6. e3 O-O 7. Qc2 dxc4 8. Bxc4 c6 9. a3 b5 10. Bd3 a5 11. O-O a4 12. Rfd1 Bb7 13. Rac1 h6 14. Bh4 Rc8 15. Qe2 Nd5 16. Bg3 Nxc3 17. Rxc3 Nf6 18. Bb1 Qb6 19. Be5 Nd5 20. Qd3 g6 21. Rcc1 Rfd8 22. h4 c5 23. h5 c4 24. Qc2 f5 25. hxg6 c3 26. e4 cxb2 27. Qxb2 Rxc1 28. Rxc1 fxe4 29. Bxe4 Bd6 30. Bxd6 Rxd6 31. Qd2 Nf6 32. Bxb7 Qxb7 33. Qxh6 Rd5 34. Ne5 Rxd4 35. g7 Nh7 36. Qxe6+ Kxg7 37. Qg6+ Kf8 38. Rc8+ 1-0

[Event "Albert Boxer Classic"]
[Site "Winnipeg CAN"]
[Date "2000.09.02"]
[Round "1"]
[White "Trueman, Francis"]
[Black "Repa, Jason"]
[Result "0-1"]
[WhiteElo "1506"]
[BlackElo "1940"]
[PlyCount "52"]
[GameId "2160767911652530"]
[EventDate "2000.09.02"]
[EventType "swiss"]
[EventRounds "5"]
[EventCountry "CAN"]
[SourceTitle "EXT 2003"]
[Source "ChessBase"]
[SourceDate "2002.11.25"]
[SourceVersion "1"]
[SourceVersionDate "2002.11.25"]
[SourceQuality "1"]

1. Nf3 e6 2. d3 d5 3. Nbd2 Nf6 4. g3 Bd6 5. Bg2 O-O 6. O-O b6 7. Re1 Bb7 8. Nf1 c5 9. c3 Nc6 10. h4 Qc7 11. N1h2 Rad8 12. g4 d4 13. c4 Ne5 14. e4 dxe3 15. fxe3 Nxd3 16. Re2 Ne4 17. Qc2 Bg3 18. Nf1 Bf2+ 19. Rxf2 Nexf2 20. N1h2 Qg3 21. Kf1 g5 22. h5 f5 23. Bd2 Be4 24. Qc3 fxg4 25. h6 e5 26. Ke2 Rxf3 0-1

[Event "Albert Boxer Classic"]
[Site "Winnipeg CAN"]
[Date "2000.09.02"]
[Round "1"]
[White "Vincent, Trevor"]
[Black "Voje, Daniel"]
[Result "0-1"]
[WhiteElo "1320"]
[BlackElo "1900"]
[PlyCount "108"]
[GameId "2160767911652531"]
[EventDate "2000.09.02"]
[EventType "swiss"]
[EventRounds "5"]
[EventCountry "CAN"]
[SourceTitle "EXT 2003"]
[Source "ChessBase"]
[SourceDate "2002.11.25"]
[SourceVersion "1"]
[SourceVersionDate "2002.11.25"]
[SourceQuality "1"]

1. c4 f5 2. Nc3 Nf6 3. g3 g6 4. Bg2 Bg7 5. d3 c6 6. Nf3 d6 7. O-O Qc7 8. a3 O-O 9. Qb3 Kh8 10. Re1 Nbd7 11. Qc2 Nc5 12. Rb1 Nh5 13. b4 Ne6 14. e3 g5 15. Bb2 f4 16. exf4 gxf4 17. Ne4 c5 18. b5 Nd4 19. Bxd4 cxd4 20. Rbc1 e5 21. Qb2 b6 22. Qb4 Rd8 23. Nfg5 a5 24. Qd2 Ra7 25. Qe2 Nf6 26. Nxf6 Bxf6 27. Ne4 Qg7 28. Nxf6 Qxf6 29. Be4 Bf5 30. Bxf5 Qxf5 31. Qe4 Rf7 32. Qxf5 Rxf5 33. g4 Rg5 34. f3 Kg7 35. Kg2 Kf6 36. h4 Rg7 37. a4 Rc7 38. Kf2 Rdc8 39. Rc2 Ke6 40. Ke2 Kf6 41. Rec1 Ke6 42. Kd2 Rc5 43. Rh1 Kf6 44. Ke2 d5 45. Rhc1 e4 46. dxe4 dxc4 47. Rd2 d3+ 48. Kd1 Ke5 49. Ra1 Kd4 50. Raa2 c3 51. Rh2 Rc4 52. Ra1 d2 53. Kc2 Rb4 54. Ra2 Rb2+ 0-1

[Event "Albert Boxer Classic"]
[Site "Winnipeg CAN"]
[Date "2000.09.03"]
[Round "2"]
[White "Babb, Jeff"]
[Black "Drake, Jason"]
[Result "0-1"]
[WhiteElo "2223"]
[BlackElo "1947"]
[PlyCount "58"]
[GameId "2160767911652533"]
[EventDate "2000.09.02"]
[EventType "swiss"]
[EventRounds "5"]
[EventCountry "CAN"]
[SourceTitle "EXT 2003"]
[Source "ChessBase"]
[SourceDate "2002.11.25"]
[SourceVersion "1"]
[SourceVersionDate "2002.11.25"]
[SourceQuality "1"]

1. e4 c5 2. Nc3 Nc6 3. g3 g6 4. Bg2 Bg7 5. d3 d6 6. Nh3 e6 7. O-O Nge7 8. Be3 Bd7 9. Qd2 Nd4 10. Bh6 Bxh6 11. Qxh6 Nxc2 12. Qg7 Rg8 13. Qxh7 Nxa1 14. Ng5 Rf8 15. Qg7 Nf5 16. exf5 Qxg5 17. Ne4 Qd8 18. Nxd6+ Ke7 19. Nxb7 Qb6 20. f6+ Ke8 21. Nxc5 Qxc5 22. Bxa8 Nc2 23. Rc1 Qh5 24. Be4 Nd4 25. Kg2 e5 26. Bd5 Qh3+ 27. Kh1 Bc6 28. Bxc6+ Nxc6 29. Kg1 Nd4 0-1

[Event "Albert Boxer Classic"]
[Site "Winnipeg CAN"]
[Date "2000.09.03"]
[Round "2"]
[White "Hare, Doug"]
[Black "Repa, Jason"]
[Result "1-0"]
[WhiteElo "2134"]
[BlackElo "1940"]
[PlyCount "57"]
[GameId "2160767911652535"]
[EventDate "2000.09.02"]
[EventType "swiss"]
[EventRounds "5"]
[EventCountry "CAN"]
[SourceTitle "EXT 2003"]
[Source "ChessBase"]
[SourceDate "2002.11.25"]
[SourceVersion "1"]
[SourceVersionDate "2002.11.25"]
[SourceQuality "1"]

1. e4 e6 2. d4 d5 3. Nc3 Bb4 4. Nge2 dxe4 5. a3 Be7 6. Nxe4 Nf6 7. N2c3 Nbd7 8. Bd3 c5 9. dxc5 Nxe4 10. Nxe4 Nxc5 11. Nxc5 Bxc5 12. O-O Bd7 13. Qh5 Qb6 14. Bg5 Bc6 15. Rae1 Bd7 16. Kh1 Bd4 17. Re4 Qxb2 18. Rf4 g6 19. Qh4 Bg7 20. Rb4 Qxa3 21. Rxb7 Qd6 22. Rfb1 h6 23. Rxd7 Kxd7 24. Qa4+ Kc7 25. Qa5+ Qb6 26. Rxb6 axb6 27. Bf4+ e5 28. Bxe5+ Bxe5 29. Qxe5+ 1-0

[Event "Albert Boxer Classic"]
[Site "Winnipeg CAN"]
[Date "2000.09.03"]
[Round "2"]
[White "Khedkar, Jay S"]
[Black "Moffat, Ron"]
[Result "1-0"]
[WhiteElo "1994"]
[BlackElo "1757"]
[PlyCount "45"]
[GameId "2160767911652537"]
[EventDate "2000.09.02"]
[EventType "swiss"]
[EventRounds "5"]
[EventCountry "CAN"]
[SourceTitle "EXT 2003"]
[Source "ChessBase"]
[SourceDate "2002.11.25"]
[SourceVersion "1"]
[SourceVersionDate "2002.11.25"]
[SourceQuality "1"]

1. e4 c5 2. Nf3 e6 3. Nc3 Nc6 4. Bb5 g6 5. d4 cxd4 6. Nxd4 Bg7 7. Be3 Nge7 8. f4 Qc7 9. O-O a6 10. Be2 b5 11. f5 exf5 12. exf5 Bxd4 13. Bxd4 Nxd4 14. Qxd4 Qa7 15. Qxa7 Rxa7 16. f6 b4 17. Ne4 Nf5 18. Bg4 Ne3 19. Rae1 d5 20. Nd6+ Kd8 21. Nxc8 Nxf1 22. Nxa7 Nd2 23. Re7 1-0

[Event "Albert Boxer Classic"]
[Site "Winnipeg CAN"]
[Date "2000.09.03"]
[Round "2"]
[White "Lipnowski, Irwin"]
[Black "Lauritson, Jim"]
[Result "1-0"]
[WhiteElo "2333"]
[BlackElo "1974"]
[PlyCount "87"]
[GameId "2160767911652538"]
[EventDate "2000.09.02"]
[EventType "swiss"]
[EventRounds "5"]
[EventCountry "CAN"]
[SourceTitle "EXT 2003"]
[Source "ChessBase"]
[SourceDate "2002.11.25"]
[SourceVersion "1"]
[SourceVersionDate "2002.11.25"]
[SourceQuality "1"]

1. c4 f5 2. Nc3 Nf6 3. g3 e5 4. Bg2 c6 5. d3 Be7 6. Nf3 d6 7. c5 Qc7 8. cxd6 Bxd6 9. O-O O-O 10. b4 Kh8 11. a3 Be6 12. Bb2 h6 13. Na4 Nbd7 14. Qc2 Bg8 15. Nc5 Bxc5 16. bxc5 Nd5 17. d4 e4 18. Ne5 Nxe5 19. dxe5 Qe7 20. Bd4 Rad8 21. Rad1 Nc7 22. f3 Ne6 23. Bf2 exf3 24. exf3 f4 25. Rd6 Ng5 26. gxf4 Rxf4 27. Be3 Rc4 28. Qd2 Bd5 29. f4 Ne4 30. Qb2 Nxd6 31. cxd6 Qf7 32. Rf2 Qf5 33. Qxb7 Qg4 34. Qb1 Rc3 35. Bd2 Rh3 36. f5 Rf8 37. f6 gxf6 38. exf6 Rh5 39. f7 Rxf7 40. Bc3+ Kg8 41. Qb8+ Kh7 42. Qh8+ Kg6 43. Qg8+ Rg7 44. Qxg7# 1-0

[Event "Albert Boxer Classic"]
[Site "Winnipeg CAN"]
[Date "2000.09.03"]
[Round "2"]
[White "Lukic, Luka"]
[Black "Kaptsan, Aron"]
[Result "1/2-1/2"]
[WhiteElo "1934"]
[BlackElo "2125"]
[PlyCount "46"]
[GameId "2160767911652539"]
[EventDate "2000.09.02"]
[EventType "swiss"]
[EventRounds "5"]
[EventCountry "CAN"]
[SourceTitle "EXT 2003"]
[Source "ChessBase"]
[SourceDate "2002.11.25"]
[SourceVersion "1"]
[SourceVersionDate "2002.11.25"]
[SourceQuality "1"]

1. d4 d5 2. c4 dxc4 3. Nc3 g6 4. e3 Bg7 5. Bxc4 Nf6 6. Nf3 O-O 7. O-O Nfd7 8. Qc2 Nb6 9. Bb3 Nc6 10. a3 Bg4 11. Nd2 Bf5 12. Nde4 e5 13. d5 Na5 14. Ba2 Nac4 15. Rd1 Nd6 16. f3 Qe7 17. Qe2 Rfd8 18. Nxd6 cxd6 19. e4 Bd7 20. Be3 Na4 21. Rdc1 Rdc8 22. Qd2 b6 23. b4 Nxc3 1/2-1/2

[Event "Albert Boxer Classic"]
[Site "Winnipeg CAN"]
[Date "2000.09.03"]
[Round "2"]
[White "Mundwiler, Les"]
[Black "Voje, Daniel"]
[Result "0-1"]
[WhiteElo "1900"]
[BlackElo "2026"]
[PlyCount "54"]
[GameId "2160767911652540"]
[EventDate "2000.09.02"]
[EventType "swiss"]
[EventRounds "5"]
[EventCountry "CAN"]
[SourceTitle "EXT 2003"]
[Source "ChessBase"]
[SourceDate "2002.11.25"]
[SourceVersion "1"]
[SourceVersionDate "2002.11.25"]
[SourceQuality "1"]

1. d4 f5 2. Nf3 Nf6 3. g3 g6 4. Bg2 Bg7 5. Bg5 d6 6. Bxf6 Bxf6 7. c3 Nc6 8. Nbd2 e5 9. dxe5 dxe5 10. e4 Be6 11. Qe2 Qe7 12. Qb5 O-O-O 13. O-O f4 14. Rfd1 g5 15. Nb3 a6 16. Qa4 h5 17. Bf1 Rd6 18. Rxd6 Qxd6 19. Be2 g4 20. Nfd2 f3 21. Nc4 Qf8 22. Bf1 h4 23. Nb6+ cxb6 24. Bxa6 Kc7 25. Bf1 hxg3 26. fxg3 Qh6 27. h3 Qe3+ 0-1

[Event "Albert Boxer Classic"]
[Site "Winnipeg CAN"]
[Date "2000.09.03"]
[Round "2"]
[White "Walker, Erin"]
[Black "Schulz, Waldemar"]
[Result "0-1"]
[WhiteElo "1898"]
[BlackElo "2016"]
[PlyCount "104"]
[GameId "2160767911652542"]
[EventDate "2000.09.02"]
[EventType "swiss"]
[EventRounds "5"]
[EventCountry "CAN"]
[SourceTitle "EXT 2003"]
[Source "ChessBase"]
[SourceDate "2002.11.25"]
[SourceVersion "1"]
[SourceVersionDate "2002.11.25"]
[SourceQuality "1"]

1. e4 g6 2. d4 Bg7 3. Nf3 d6 4. h3 Nd7 5. Be3 c5 6. Nc3 Qa5 7. Qd2 Ngf6 8. Be2 a6 9. O-O O-O 10. Bh6 Rd8 11. Bxg7 Kxg7 12. Rfd1 cxd4 13. Qxd4 Qc5 14. Qxc5 Nxc5 15. e5 Nfe4 16. Nd5 Kf8 17. Nb6 Rb8 18. Nc4 b5 19. Ne3 Bb7 20. exd6 Rxd6 21. Rxd6 Nxd6 22. Rd1 Rc8 23. Ne5 Ke8 24. Bf3 Bxf3 25. Nxf3 Na4 26. b3 Nc3 27. Ra1 f5 28. g3 f4 29. gxf4 Ne2+ 30. Kf1 Nxf4 31. h4 Rc3 32. a4 b4 33. Re1 Rc5 34. Rc1 Ne4 35. Ng2 Nh3 36. Ke1 Nhxf2 37. Ke2 Ng4 38. Nd2 Nc3+ 39. Ke1 Re5+ 40. Kf1 Nh2+ 41. Kf2 Re2+ 42. Kg3 Rxd2 43. Kxh2 Ne2 44. Rf1 Rxc2 45. Rf2 Nd4 46. Rf4 e5 47. Re4 Kf7 48. Kg3 Rc3+ 49. Ne3 Nf5+ 50. Kf2 Nxe3 51. Rxe3 Rxe3 52. Kxe3 Ke6 0-1

[Event "Albert Boxer Classic"]
[Site "Winnipeg CAN"]
[Date "2000.09.03"]
[Round "2"]
[White "Xia, Yanchong"]
[Black "Lipnowski, Samuel"]
[Result "1/2-1/2"]
[WhiteElo "1787"]
[BlackElo "1975"]
[PlyCount "52"]
[GameId "2160767911652543"]
[EventDate "2000.09.02"]
[EventType "swiss"]
[EventRounds "5"]
[EventCountry "CAN"]
[SourceTitle "EXT 2003"]
[Source "ChessBase"]
[SourceDate "2002.11.25"]
[SourceVersion "1"]
[SourceVersionDate "2002.11.25"]
[SourceQuality "1"]

1. e4 c5 2. Nf3 d6 3. d4 cxd4 4. Nxd4 Nf6 5. Nc3 a6 6. Bg5 e6 7. f4 Nbd7 8. Qf3 Qc7 9. O-O-O b5 10. Bxb5 axb5 11. Ndxb5 Qb8 12. e5 Bb7 13. Qe2 dxe5 14. Qc4 Bc5 15. Bxf6 gxf6 16. Rxd7 Be3+ 17. Kb1 Kxd7 18. Rd1+ Bd4 19. fxe5 fxe5 20. Nxd4 exd4 21. Qxd4+ Ke7 22. Qc5+ Ke8 23. Qb5+ Kf8 24. Qb4+ Ke8 25. Qb5+ Ke7 26. Qc5+ Ke8 1/2-1/2

[Event "Albert Boxer Classic"]
[Site "Winnipeg CAN"]
[Date "2000.09.03"]
[Round "3"]
[White "Boron, Anthony"]
[Black "Vincent, Trevor"]
[Result "1-0"]
[WhiteElo "1887"]
[BlackElo "1320"]
[PlyCount "88"]
[GameId "2160767911652544"]
[EventDate "2000.09.02"]
[EventType "swiss"]
[EventRounds "5"]
[EventCountry "CAN"]
[SourceTitle "EXT 2003"]
[Source "ChessBase"]
[SourceDate "2002.11.25"]
[SourceVersion "1"]
[SourceVersionDate "2002.11.25"]
[SourceQuality "1"]

1. d4 g6 2. Nf3 Bg7 3. e4 d6 4. Nc3 Nc6 5. Be3 Nf6 6. Qd2 O-O 7. Bh6 Re8 8. Bxg7 Kxg7 9. O-O-O Bg4 10. Be2 a5 11. h3 Bxf3 12. Bxf3 e5 13. d5 Nd4 14. Be2 Nxe2+ 15. Qxe2 Qd7 16. f3 Rab8 17. Qd2 b6 18. Ne2 b5 19. g4 b4 20. Ng3 a4 21. h4 Rh8 22. h5 Ng8 23. Kb1 Qb5 24. hxg6 fxg6 25. f4 exf4 26. Qd4+ Nf6 27. g5 fxg3 28. Qxf6+ Kg8 29. Qe6+ Kg7 30. Qe7+ Kg8 31. Qxc7 Rf8 32. Qxd6 g2 33. Qe6+ Kg7 34. Rhg1 Rf1 35. Qe7+ Kg8 36. Qe6+ Kg7 37. Qe5+ Kg8 38. Qd4 h6 39. Rxg2 hxg5 40. Rg1 Rxd1+ 41. Rxd1 b3 42. axb3 axb3 43. cxb3 Qxb3 44. Qf6 Kh7 1-0

[Event "Albert Boxer Classic"]
[Site "Winnipeg CAN"]
[Date "2000.09.03"]
[Round "3"]
[White "Charter, Bennet"]
[Black "Mundwiler, Les"]
[Result "0-1"]
[WhiteElo "1769"]
[BlackElo "2026"]
[PlyCount "42"]
[GameId "2160767911652545"]
[EventDate "2000.09.02"]
[EventType "swiss"]
[EventRounds "5"]
[EventCountry "CAN"]
[SourceTitle "EXT 2003"]
[Source "ChessBase"]
[SourceDate "2002.11.25"]
[SourceVersion "1"]
[SourceVersionDate "2002.11.25"]
[SourceQuality "1"]

1. e4 c5 2. Nf3 Nc6 3. d4 cxd4 4. Nxd4 Nf6 5. Nc3 d6 6. Bc4 e6 7. Bg5 a6 8. f4 Bd7 9. Qd2 b5 10. Bb3 b4 11. Na4 Nxe4 12. Nxc6 Bxc6 13. Bxd8 Nxd2 14. Kxd2 Rxd8 15. Rhg1 Be7 16. Rae1 O-O 17. f5 Bg5+ 18. Kd1 exf5 19. c3 a5 20. g3 Rc8 21. Bc2 Bf3+ 0-1

[Event "Albert Boxer Classic"]
[Site "Winnipeg CAN"]
[Date "2000.09.03"]
[Round "3"]
[White "Drake, Jason"]
[Black "Hare, Doug"]
[Result "1/2-1/2"]
[WhiteElo "2016"]
[BlackElo "2333"]
[PlyCount "28"]
[GameId "2160767911652546"]
[EventDate "2000.09.02"]
[EventType "swiss"]
[EventRounds "5"]
[EventCountry "CAN"]
[SourceTitle "EXT 2003"]
[Source "ChessBase"]
[SourceDate "2002.11.25"]
[SourceVersion "1"]
[SourceVersionDate "2002.11.25"]
[SourceQuality "1"]

1. e4 d5 2. exd5 Qxd5 3. Nc3 Qa5 4. d4 Nf6 5. Bd2 c6 6. Nf3 Bf5 7. Bc4 e6 8. Qe2 Bb4 9. O-O-O Nbd7 10. Rhe1 O-O-O 11. Ne5 Nxe5 12. dxe5 Nd5 13. Nxd5 Bxd2+ 14. Qxd2 Qxd2+ 1/2-1/2